[Event "Lueneburg GM"]
[Site "Lueneburg"]
[Date "2015.08.20"]
[Round "6"]
[White "Schramm, Christian"]
[Black "Colpe, Malte"]
[Result "1/2-1/2"]
[WhiteElo "2392"]
[BlackElo "2349"]
[PlyCount "88"]
[EventDate "2015.08.15"]
[EventType "tourn"]
[EventRounds "9"]
[EventCountry "GER"]
[EventCategory "9"]
[SourceTitle "EXT 2016"]
[Source "ChessBase"]
[SourceDate "2015.10.08"]
[SourceVersion "1"]
[SourceVersionDate "2015.10.08"]
[SourceQuality "1"]

1. e4 e6 2. d4 d5 3. Nd2 c5 4. exd5 Qxd5 5. Ngf3 cxd4 6. Bc4 Qd7 7. Qe2 Nc6 8. 0-0 Nf6 9. Rd1 Qc7 10. Nb3 a6 11. Nbxd4 Nxd4 12. Rxd4 Bc5 13. Bf4 Qe7 14. Rd3 b5 15. Bb3 Bb7 16. Bg5 h6 17. Bh4 g5 18. Bg3 Nd5 19. Re1 0-0-0 20. c4 Nf4 21. Rxd8+ Rxd8 22. Bxf4 gxf4 23. cxb5 axb5 24. Rc1 Kb8 25. Qe5+ Bd6 26. Qxb5 Rc8 27. Rxc8+ Kxc8 28. Ne5 Bxg2 29. Nxf7 Qxf7 30. Kxg2 f3+ 31. Kh3 Kc7 32. Ba4 Qf4 33. Qc6+ Kb8 34. Qb6+ Kc8 35. Qc6+ Kb8 36. Qe8+ Kc7 37. Qc6+ Kb8 38. Qe8+ Kc7 39. Qd7+ Kb8 40. Qxe6 Qxh2+ 41. Kg4 Qf4+ 42. Kh3 Qh2+ 43. Kg4 Qf4+ 44. Kh3 Qh2+ 1/2-1/2

[Event "AUT-chT2W 1415"]
[Site "Austria"]
[Date "2015.03.07"]
[Round "10.4"]
[White "Krassowizkij, Jaroslaw"]
[Black "Schramm, Christian"]
[Result "1-0"]
[WhiteElo "2402"]
[BlackElo "2400"]
[PlyCount "119"]
[EventDate "2014.10.10"]
[EventType "team-tourn"]
[EventRounds "11"]
[EventCountry "AUT"]
[SourceTitle "EXT 2016"]
[Source "ChessBase"]
[SourceDate "2015.10.08"]
[SourceVersion "1"]
[SourceVersionDate "2015.10.08"]
[SourceQuality "1"]
[WhiteTeam "Goetzis"]
[BlackTeam "Bernhard II"]
[WhiteTeamCountry "AUT"]
[BlackTeamCountry "AUT"]

1. Nf3 Nf6 2. c4 e6 3. g3 b6 4. Bg2 Bb7 5. 0-0 c5 6. Nc3 Be7 7. Re1 0-0 8. e4 d6 9. d4 cxd4 10. Nxd4 Qc7 11. Ndb5 Qc6 12. Be3 a6 13. Nd4 Qc7 14. Rc1 Nbd7 15. f4 Rfe8 16. Bf2 Rac8 17. e5 Bxg2 18. exf6 Ba8 19. fxe7 Qb7 20. Kf1 Rxc4 21. Ne4 Rxc1 22. Qxc1 Nc5 23. Nxd6 Qg2+ 24. Ke2 Rxe7 25. Rg1 Qd5 26. Nc8 Rb7 27. b4 e5 28. fxe5 Qxe5+ 29. Qe3 Ne4 30. Rc1 Rc7 31. Rxc7 Qxc7 32. Nf5 Qc4+ 33. Kd1 Qxa2 34. Be1 Qb1+ 35. Ke2 Qc2+ 36. Bd2 g6 37. Nfe7+ Kf8 38. Qd4 Ke8 39. Nxb6 Nxd2 40. Qd7+ Kf8 41. Qd8+ Kg7 42. Qxd2 Bf3+ 43. Ke3 Qe4+ 44. Kf2 Bh1 45. Qc3+ f6 46. Nbd5 Qg2+ 47. Ke3 Qe4+ 48. Kd2 Qg2+ 49. Kd1 Qg1+ 50. Kc2 Qxh2+ 51. Kb3 Qf2 52. Qc7 Qf3+ 53. Ka4 Kf8 54. Qc8+ Kg7 55. Qc7 Qd1+ 56. Ka5 Qa1+ 57. Kb6 Kh6 58. Ng8+ Kg5 59. Qf4+ Kh5 60. Qh4# 1-0